| 000 | 00702cab a2200241 4500 | ||
|---|---|---|---|
| 001 | WB3401-07 | ||
| 008 | 090401t1997 xxu||||| |||| 00| 0 eng d | ||
| 035 | _a(Sirsi) u82869 | ||
| 041 | _aeng | ||
| 245 | _aHow churches are born again | ||
| 260 | _c1997 | ||
| 350 | _a0 | ||
| 490 |
_aDaily Telegraph _v20 December 1997, 4(2) |
||
| 520 | _aLooks at converting ecclesiastical buildings into homes, how they are popular but not always perfect. | ||
| 650 | _aBUILDING CONSERVATION | ||
| 650 | _aCHURCHES | ||
| 650 | _aCONVERSIONS | ||
| 650 | _aECCLESIASTICAL BUILDINGS | ||
| 650 | _aLISTED BUILDINGS | ||
| 690 | _aBUILT ENVIRONMENT-CONSTRUCTION DESIGN | ||
| 942 | _n0 | ||
| 948 | _c23/12/1997 | ||
| 999 |
_c52331 _d52331 |
||